1042 1926 1044 1917 1204 1190 1708 1288 1346 1637 1577 1931 1444 1003 1903 1418 1444 1619 1605 1887 1697 1892 1714 1106 1337 1942 1252 1260 1204 1360 1035 1052 1123 1969 1205 1537 1934 1307 1608 1707 1156 1860 1521 1104 1384 1833 1243 1899 1557 1093 1723 1665 1059 1303 1384 1613 1659 1948 1594 1906 1516 1398 1624 1125 1164 1943 1850 1544 1579 1577 1858 1504 1663 1697 1504 1234 1341 1779 1929 1146 1124 1981 1697 1884 1371 1239 1650 1747 1194 1569 1046 1718 1435 1354 1401 1457 1590 1500 1962 BCNSPRNW ULIB Ver.6.0+V

เปลี่ยนเป็นภาษาไทย

Change to English
 แสดงรายละเอียดบรรณานุกรม
  กลับหน้าหลัก

Brief Record : Get Marc (ISO 2709) : E-mail record : QR code < ปิดหน้าต่าง
LEADER : 00000nam 2200000uu 4500
001    13399122804
003     ULIB
008    131003s2555||||th 000 0 tha d
020    ^a9789744753564
050  4 ^aBF637^bน672ส
100 0  ^aนิ้วกลม
245 10 ^aสิ่งที่ค้นพบระหว่างนั่งเฉยเฉย /^cนิ้วกลม
250    ^aพิมพ์ครั้งที่ 19
260    ^aกรุงเทพฯ :^bแพรวสำนักพิมพ์,^c2555
300    ^a211 หน้า :^bภาพประกอบ
650  7 ^aกวีนิพนธ์ไทย
945    ^p155^l0^i034027
999    ^aกมลทิพย์ ธนสารสุธี
รายการนี้ยังไม่มีแท็ก
คุณยังไม่ได้ล็อกอิน คุณสามารถมีกิจกรรมร่วมกับเว็บไซต์ได้ แต่ต้องล็อกอินก่อน ::
  ล็อกอิน

รายการสื่อสารสนเทศ

ลำดับที่ ประเภท เลขเรียก/บาร์โค้ด สถานที่ สถานะ
1. การศึกษาทั่วไป
หนังสือสำรอง
สถานะ=หนังสือสำรอง
BF637 น672ส ฉ.1 
  Barcode: 034027
ห้องสมุดวิทยาเขตสวรรค์ประชารักษ์
►หนังสือทั่วไป
บนชั้น

รายการใกล้เคียง
    ผู้แต่ง [นิ้วกลม]

    หัวเรื่อง [กวีนิพนธ์ไทย]

BibComment


ยังไม่เคยถูกคอมเมนท์

คอมเมนท์ทรัพยากรรายการนี้
  คอมเมนท์: สิ่งที่ค้นพบระหว..


 Copyright 2026. Bcnsprnw @Library